| 000 | 01082nam a2200181 a 4500 | ||
|---|---|---|---|
| 008 | 090423s1987 ||||||||||||||||| || u | ||
| 050 | _aGOV.ZAM(058)MOE/1987A | ||
| 110 | _aGovernment of the Republic of Zambia. Ministry of Higher Education | ||
| 245 | 1 | 0 |
_aMinistry of higher education annual report for the year 1986 _cBy the Ministry of Higher Education |
| 260 |
_aLusaka: _bMinistry of Higher Education _c1987 |
||
| 300 | _aiii, 21p.: ill. | ||
| 350 | _a0.00 | ||
| 650 | _aEDUCATION--ZAMBIA--HANDBOOKS, MANUALS, ETC | ||
| 650 | _aEDUCATION AND STATE--ANNUAL REPORTS--ZAMBIA | ||
| 995 |
_aSPECIAL COLLECTIONS _D0.00 _e03003831 _FCBU-MAIN LIBRARY (Kitwe) _H1 _I0.00 _jGOV.ZAM(058)MOE/1986A _M1 _UAVAILABLE _WApr 23, 2009 _y03003831 _ZZambiana Collection |
||
| 995 |
_aSPECIAL COLLECTIONS _D0.00 _e03003832 _FCBU-MAIN LIBRARY (Kitwe) _H1 _I0.00 _jGOV.ZAM(058)MOE/1987B _M2 _UAVAILABLE _WApr 23, 2009 _y03003832 _ZZambiana Collection |
||
| 995 |
_aSPECIAL COLLECTIONS _D0.00 _e03003833 _FCBU-MAIN LIBRARY (Kitwe) _H1 _I0.00 _jGOV.ZAM(058)MOE/1987C _M3 _UAVAILABLE _WApr 23, 2009 _y03003833 _ZZambiana Collection |
||
| 999 |
_c77689 _d77689 |
||